000 00623nam a2200241 i 4500
001 C2-0003520
003 PPAK
005 20190630221806.0
008 970120s1993 my |||| ||||| | may d
020 _a9836236651
040 _aPPAK
_beng
_cPPAK
_erda
082 0 4 _a899.231
_223
090 0 0 _a899.231
_bKBA
_dG
100 0 _aK. Bali,
_eauthor
245 1 0 _aRestu dari langit
264 1 _aKuala Lumpur :
_bDewan Bahasa dan Pustaka ,
_c1993
300 _a93 pages ;
_c22 cm
336 _2rdacontent
_atext
337 _2rdamedia
_aunmediated
338 _2rdacarrier
_avolume
650 1 0 _aMalay poetry
942 _ddc
_cB
999 _c581
_d581